[Event "Reinstorf op"]
[Site "Reinstorf"]
[Date "2022.02.04"]
[Round "7"]
[White "Riering, Berthold"]
[Black "Lehmann, Simon"]
[Result "1/2-1/2"]
[WhiteElo "1971"]
[BlackElo "1322"]
[PlyCount "55"]
[EventDate "2022.01.29"]
[EventType "swiss"]
[EventRounds "9"]
[EventCountry "GER"]
[SourceTitle "CBM 206 Extra"]
[Source "ChessBase"]
[SourceDate "2022.03.31"]
[SourceVersion "1"]
[SourceVersionDate "2022.03.31"]
[SourceQuality "1"]

1. e4 d6 2. d4 Nf6 3. Nc3 g6 4. Bg5 Bg7 5. e5 dxe5 6. dxe5 Qxd1+ 7. Rxd1 Nfd7 8. Nd5 Bxe5 9. Nf3 Bd6 10. Bxe7 Bxe7 11. Nxc7+ Kd8 12. Nxa8 b6 13. Ne5 Bb4+ 14. c3 Bxc3+ 15. bxc3 Re8 16. f4 f6 17. Kf2 fxe5 18. fxe5 Rxe5 19. Be2 Bb7 20. Bf3 Rf5 21. Kg3 Bxf3 22. gxf3 Kc8 23. Rhe1 Rf7 24. Rd6 Kb7 25. Nxb6 axb6 26. Rde6 Nc6 27. R6e4 Nc5 28. Re8 1/2-1/2

[Event "Reinstorf op"]
[Site "Reinstorf"]
[Date "2022.02.02"]
[Round "5"]
[White "Riering, Berthold"]
[Black "Wagner, Frank"]
[Result "1/2-1/2"]
[WhiteElo "1971"]
[BlackElo "1756"]
[PlyCount "55"]
[EventDate "2022.01.29"]
[EventType "swiss"]
[EventRounds "9"]
[EventCountry "GER"]
[SourceTitle "CBM 206 Extra"]
[Source "ChessBase"]
[SourceDate "2022.03.31"]
[SourceVersion "1"]
[SourceVersionDate "2022.03.31"]
[SourceQuality "1"]

1. e4 c5 2. Be2 Nc6 3. d3 g6 4. f4 d6 5. Nf3 Bg7 6. c3 e6 7. 0-0 Nge7 8. Na3 0-0 9. Nc2 d5 10. Be3 b6 11. Qd2 Qc7 12. e5 Nf5 13. Bf2 Bb7 14. g4 Nfe7 15. d4 cxd4 16. Ncxd4 Nxd4 17. Nxd4 a6 18. Qe3 Rfb8 19. Bg3 Nc6 20. f5 Nxd4 21. cxd4 a5 22. Bd3 Ba6 23. Rac1 Qd7 24. Bh4 Bxd3 25. Qxd3 exf5 26. gxf5 Rc8 27. fxg6 hxg6 28. Qd2 1/2-1/2

[Event "DSOL 03 Liga Gr-C 1st"]
[Site "Playchess.com INT"]
[Date "2020.07.09"]
[Round "3.2"]
[White "Rose, Torsten"]
[Black "Riering, Berthold"]
[Result "1-0"]
[WhiteElo "1868"]
[BlackElo "1940"]
[PlyCount "111"]
[EventDate "2020.06.22"]
[EventType "team-tourn (rapid)"]
[EventCountry "GER"]
[SourceTitle "EXT 2021"]
[Source "ChessBase"]
[SourceDate "2020.10.23"]
[SourceVersion "1"]
[SourceVersionDate "2020.10.23"]
[SourceQuality "1"]
[WhiteTeam "Koenigsjaeger Sued West"]
[BlackTeam "Blankenese"]
[WhiteTeamCountry "GER"]
[BlackTeamCountry "GER"]

1. d4 d5 2. c4 e6 3. Nc3 c6 4. cxd5 exd5 5. Bf4 Bf5 6. e3 Bd6 7. Bxd6 Qxd6 8. Bd3 Bxd3 9. Qxd3 Nf6 10. Nf3 Nbd7 11. 0-0 0-0 12. Rab1 Rfe8 13. b4 b5 14. a4 bxa4 15. Nxa4 Nb6 16. Nc5 Ne4 17. Nd2 Nxd2 18. Qxd2 Nc4 19. Qc3 a5 20. Nb7 Qc7 21. Nxa5 Nxa5 22. bxa5 Rxa5 23. Rfc1 Re6 24. Qb4 Ra8 25. Qb7 Qxb7 26. Rxb7 Rc8 27. Rb6 Kf8 28. Rc5 Rc7 29. g4 Rg6 30. h3 h5 31. f3 hxg4 32. hxg4 f5 33. Rxd5 fxg4 34. Rf5+ Ke7 35. f4 Re6 36. Rb3 Rg6 37. Kg2 Kd6 38. Kg3 Re7 39. Re5 Rxe5 40. dxe5+ Kd5 41. f5 Rh6 42. Kf4 g3 43. Rd3+ Kc5 44. Kxg3 Rh8 45. Kf4 Kc4 46. Rd4+ Kc3 47. Kg5 c5 48. Rd7 c4 49. Kg6 Kb2 50. Rc7 c3 51. Kxg7 Rh3 52. e6 Rxe3 53. e7 c2 54. Rxc2+ Kxc2 55. f6 Kd3 56. Kf7 1-0

[Event "GER-ch Net blitz qual4"]
[Site "Playchess.com INT"]
[Date "2020.03.23"]
[Round "9"]
[White "Riering, Berthold"]
[Black "Ochmann, Reimund"]
[Result "0-1"]
[WhiteElo "1971"]
[BlackElo "1932"]
[PlyCount "82"]
[EventDate "2020.03.23"]
[EventType "swiss (blitz)"]
[EventRounds "9"]
[EventCountry "GER"]
[SourceTitle "CBM 195 Extra"]
[Source "ChessBase"]
[SourceDate "2020.05.31"]
[SourceVersion "1"]
[SourceVersionDate "2020.05.31"]
[SourceQuality "1"]

1. e4 e5 2. Nf3 Nc6 3. d4 exd4 4. Bc4 Nf6 5. e5 d5 6. Bb5 Ne4 7. 0-0 Bc5 8. Nxd4 Bd7 9. Bxc6 bxc6 10. Be3 Bb6 11. f3 Ng5 12. f4 Ne4 13. Nd2 Nxd2 14. Qxd2 0-0 15. Nb3 Bf5 16. Qc3 Qe8 17. Bc5 Qe6 18. Kh1 Rfd8 19. Nd4 Qg6 20. Nxf5 Qxf5 21. Bxb6 cxb6 22. Qxc6 Rac8 23. Qb7 Rxc2 24. Qxa7 Qe4 25. Rg1 Rxb2 26. Qc7 Rf8 27. Qd6 h6 28. a4 Rb4 29. a5 bxa5 30. Rxa5 Rd4 31. Rb5 Rd2 32. Rb8 Rxb8 33. Qxb8+ Kh7 34. Qc7 Qxf4 35. Qd6 d4 36. Qd5 d3 37. e6 fxe6 38. Qxe6 Re2 39. Qd5 Qe4 40. Qxe4+ Rxe4 41. Rd1 d2 0-1

[Event "Berlin Lichtenrade op 15th"]
[Site "Berlin"]
[Date "2019.10.20"]
[Round "9"]
[White "Riering, Berthold"]
[Black "Fock, Amina"]
[Result "1/2-1/2"]
[WhiteElo "1983"]
[BlackElo "1749"]
[PlyCount "84"]
[EventDate "2019.10.12"]
[EventType "swiss"]
[EventRounds "9"]
[EventCountry "GER"]
[SourceTitle "CBM 195 Extra"]
[Source "ChessBase"]
[SourceDate "2020.05.31"]
[SourceVersion "1"]
[SourceVersionDate "2020.05.31"]
[SourceQuality "1"]

1. e4 c5 2. d3 d6 3. f4 g6 4. Nf3 Bg7 5. Be2 e6 6. 0-0 Ne7 7. c3 d5 8. Na3 Nbc6 9. Nc2 0-0 10. Qe1 b5 11. Qf2 c4 12. exd5 exd5 13. a4 b4 14. cxb4 Qd6 15. b5 Na5 16. dxc4 dxc4 17. Rd1 Qc7 18. Ncd4 Nd5 19. Nc6 Nxf4 20. Bxf4 Qxf4 21. Nxa5 Bxb2 22. Rab1 c3 23. Bd3 Qxa4 24. Nc6 Be6 25. Nfd4 Bc4 26. Bc2 Qa3 27. Qf6 Rae8 28. Nf5 Qc5+ 29. Kh1 gxf5 30. Bxf5 c2 31. Qg5+ Kh8 32. Qh5 cxd1Q+ 33. Rxd1 Qxf5 34. Qxf5 Bg7 35. Nxa7 Re5 36. Qb1 Bxb5 37. Nxb5 Rb8 38. Qb3 Rexb5 39. Qxf7 Rb1 40. Qf1 Rxd1 41. Qxd1 Ra8 42. g3 Ra1 1/2-1/2

[Event "Berlin Lichtenrade op 15th"]
[Site "Berlin"]
[Date "2019.10.19"]
[Round "8"]
[White "Schmalzried, Volker"]
[Black "Riering, Berthold"]
[Result "1/2-1/2"]
[WhiteElo "1808"]
[BlackElo "1983"]
[PlyCount "85"]
[EventDate "2019.10.12"]
[EventType "swiss"]
[EventRounds "9"]
[EventCountry "GER"]
[SourceTitle "CBM 195 Extra"]
[Source "ChessBase"]
[SourceDate "2020.05.31"]
[SourceVersion "1"]
[SourceVersionDate "2020.05.31"]
[SourceQuality "1"]

1. c4 e5 2. Nc3 Nf6 3. g3 d5 4. cxd5 Nxd5 5. Bg2 Nb6 6. d3 Nc6 7. Nf3 Be7 8. 0-0 0-0 9. Bd2 Be6 10. a3 f6 11. b4 a5 12. b5 Nd4 13. Nxd4 exd4 14. Na4 Bd5 15. Nxb6 cxb6 16. a4 Bxg2 17. Kxg2 Qd5+ 18. Kg1 Rac8 19. Qb1 Rc7 20. Qb2 Bc5 21. Qa2 Qxa2 22. Rxa2 Re7 23. Re1 Rfe8 24. Kf1 Kf7 25. Rc2 g5 26. Bc1 h5 27. Bb2 h4 28. Rc4 hxg3 29. hxg3 Rd7 30. g4 Ke6 31. Kg2 Rh8 32. Rh1 Rxh1 33. Kxh1 Kd5 34. Kg2 Re7 35. Rc2 Rh7 36. f3 Bd6 37. Kg1 Bc5 38. Kg2 Ke5 39. Bc1 Kd5 40. Bb2 Bd6 41. Kg1 Bh2+ 42. Kg2 Bf4 43. Kg1 1/2-1/2

[Event "Berlin Lichtenrade op 15th"]
[Site "Berlin"]
[Date "2019.10.17"]
[Round "6"]
[White "Schnabel, Ralf"]
[Black "Riering, Berthold"]
[Result "1-0"]
[WhiteElo "2235"]
[BlackElo "1983"]
[PlyCount "97"]
[EventDate "2019.10.12"]
[EventType "swiss"]
[EventRounds "9"]
[EventCountry "GER"]
[SourceTitle "CBM 195 Extra"]
[Source "ChessBase"]
[SourceDate "2020.05.31"]
[SourceVersion "1"]
[SourceVersionDate "2020.05.31"]
[SourceQuality "1"]

1. e4 c6 2. d4 d5 3. Nd2 dxe4 4. Nxe4 Bf5 5. Ng3 Bg6 6. h4 h6 7. Nf3 e6 8. Ne5 Bh7 9. Bd3 Bxd3 10. Qxd3 Nd7 11. f4 Be7 12. Bd2 Nxe5 13. fxe5 Bxh4 14. 0-0-0 Bxg3 15. Qxg3 Ne7 16. Qxg7 Rg8 17. Qxh6 Qd5 18. Rhf1 Qxg2 19. Qh5 Qg6 20. Qxg6 Rxg6 21. Rg1 Rd8 22. Rxg6 Nxg6 23. Bg5 Rd5 24. c4 Rd7 25. Bf6 Nf4 26. Kc2 c5 27. dxc5 Rxd1 28. Kxd1 Nd3 29. Kc2 Nxc5 30. b4 Nd7 31. Bg7 Ke7 32. Kd3 Nb6 33. Kd4 Kd7 34. Bf8 Ke8 35. Bc5 Nc8 36. b5 Kd7 37. a4 a6 38. Ke4 Kc7 39. Kf4 axb5 40. axb5 Nb6 41. Bxb6+ Kxb6 42. Ke4 Kc5 43. Kd3 Kb4 44. Kd4 b6 45. Kd3 Kb3 46. c5 bxc5 47. b6 c4+ 48. Ke2 c3 49. b7 1-0

[Event "GER Seniors Derby 18th"]
[Site "Wesel Undeloh"]
[Date "2019.03.30"]
[Round "6"]
[White "Kevekordes, Peter"]
[Black "Riering, Berthold"]
[Result "1/2-1/2"]
[WhiteElo "2105"]
[BlackElo "1961"]
[PlyCount "31"]
[EventDate "2019.03.28"]
[EventType "swiss"]
[EventRounds "7"]
[EventCountry "GER"]
[SourceTitle "EXT 2020"]
[Source "ChessBase"]
[SourceDate "2019.10.17"]
[SourceVersion "1"]
[SourceVersionDate "2019.10.17"]
[SourceQuality "1"]

1. e4 c6 2. d4 d5 3. Nc3 dxe4 4. Nxe4 Bf5 5. Ng3 Bg6 6. h4 h6 7. Nf3 e6 8. h5 Bh7 9. Bd3 Bxd3 10. Qxd3 Nf6 11. Bd2 Be7 12. 0-0-0 0-0 13. Ne4 Nxe4 14. Qxe4 Qd5 15. Qxd5 cxd5 16. Kb1 1/2-1/2

[Event "GER Seniors Derby 18th"]
[Site "Wesel Undeloh"]
[Date "2019.03.28"]
[Round "1"]
[White "Riering, Berthold"]
[Black "Seichter, Andreas"]
[Result "1-0"]
[WhiteElo "1961"]
[BlackElo "1699"]
[PlyCount "147"]
[EventDate "2019.03.28"]
[EventType "swiss"]
[EventRounds "7"]
[EventCountry "GER"]
[SourceTitle "EXT 2020"]
[Source "ChessBase"]
[SourceDate "2019.10.17"]
[SourceVersion "1"]
[SourceVersionDate "2019.10.17"]
[SourceQuality "1"]

1. e4 e5 2. Nf3 Nc6 3. d4 exd4 4. Bc4 Nf6 5. e5 d5 6. Bb5 Ne4 7. Nxd4 Bd7 8. Bxc6 bxc6 9. 0-0 Bc5 10. f3 Ng5 11. Be3 Bb6 12. f4 Ne6 13. c3 c5 14. Nb3 d4 15. cxd4 cxd4 16. Bd2 c5 17. f5 Nf8 18. Na3 Bc6 19. Qg4 g6 20. Nc4 Qd7 21. Nd6+ Kd8 22. Qg5+ Qe7 23. fxg6 Ne6 24. Nxf7+ Kd7 25. Qxe7+ Kxe7 26. Nxh8 Rxh8 27. Rf7+ Ke8 28. Rf6 Bd5 29. Ba5 hxg6 30. Bxb6 axb6 31. Raf1 Rh5 32. Rxg6 Rxe5 33. Rgf6 Re2 34. R6f2 d3 35. Nc1 Rxf2 36. Rxf2 c4 37. b3 b5 38. a4 Bc6 39. axb5 Bxb5 40. bxc4 Bxc4 41. Rd2 Nc5 42. Kf1 Ke7 43. Ke1 Ke6 44. Rb2 Kd5 45. Rb8 Kd4 46. Rc8 Ne4 47. Nxd3 Bxd3 48. h4 Ke5 49. Rd8 Bc4 50. h5 Bf7 51. Ra8 Nf6 52. Ra5+ Kf4 53. h6 Bg6 54. g3+ Kg4 55. Ra4+ Kg5 56. Rh4 Bh5 57. Rf4 Nh7 58. Kf2 Kxh6 59. g4 Kg5 60. Kg3 Bg6 61. Ra4 Kh6 62. Kf4 Ng5 63. Ra6 Nh3+ 64. Kg3 Ng5 65. Ra1 Be8 66. Kf4 Nh3+ 67. Kg3 Ng5 68. Ra6+ Bg6 69. Kf4 Nh3+ 70. Ke5 Kg5 71. Ra4 Nf2 72. Ke6 Nxg4 73. Ra5+ Kh4 74. Rc5 1-0